Регионална библиотека "Любен Каравелов" - Русе

Christmas crafts 1989 (Запис номер 38162)

MARC детайли
000 -Лидер
Контролно поле с фиксирана дължина 00974nam a2200313 c 4500
003 - Код на организацията, давaща контролен номер
Контролно поле BLK
005 - Дата и час на последна редакция
Контролно поле 20231216141751.0
008 - Елементи от данни с фиксирана дължина
fixed length control field 180408b bul|||||r ||||||| ||bul||
010 ## - Наследен системен номер
LC control number KNG00041361000
020 ## - Международен стандартен номер на книга ISBN
Международен стандартен номер на книга ISBN 0-696-01796-2
-- издат.: Meredith Corporation
040 ## - Източник на каталожния запис
Идентификатор на билиотеката - собственик на записа BLK
041 ## - Код за език
Код за езика на текст/звукозапис или на отделно заглавие Английски
Код за езика КДБФ Английски
080 ## - УДК
Текстов определител УДК Национални народни празници. Народни развлечения
УДК код - определител по УДК 394.2
УДК определител
УДК - код + определител 394.2
139 ## - Редно поле
Редна дума Christmas crafts 1989
Авторски знак Chr - C 56
245 10 - Сведения за заглавието
Заглавие Christmas crafts 1989
257 ## - Страна на издаване
Страна на създаване/издаване Съединени американски щати
260 ## - Област на издателските данни
-- Des Moines
Име на издателя, разпространителя и проч. Meredith Corporation
Година на издаване 1989
300 ## - Физическа характеристика
Страници 160 c
Илюстрации и др. с ил.
Размери/Мащаб 28 см
380 ## - Жанр
Жанр Обществени науки
490 1# - СЕРИИ (Колекции)
Име на серия Better Homes and Gardens
650 #4 - Допълнително описание по предмет – тема
Основно описание – тема или топоним Народни празници
9 (RLIN) 276021
653 ## - Ключова дума – ненормативна
Ключова дума народни празници
852 ## - Местоположение
Форматна сигнатура Цб ІІ 10546
856 4# - Електронен адрес и достъп
Електронен формат pdf - файл
Път до файла /url/
856 4# - Електронен адрес и достъп
Електронен формат pdf - файл
Път до файла /url/
942 ## - АРТИКУЛИ
Вид на библиотечния материал Книги
Скрит в OPAC Не
Koha issues (borrowed), all copies 1
944 ## - СЪЗДАВАНЕ И РЕДАКЦИЯ на ЗАПИСА
Създаване/Редакция Създаване
Дата на регистрацията/редакция 15.01.2003
Служител, извършил регистрацията/редакцията 30551
Статус, дата на статуса Бояна Костадинова
944 ## - СЪЗДАВАНЕ И РЕДАКЦИЯ на ЗАПИСА
Създаване/Редакция Редакция
Дата на регистрацията/редакция 03.10.2006
Служител, извършил регистрацията/редакцията
999 ## - СИСТЕМНИ КОНТРОЛНИ НОМЕРА
Koha biblionumber 38162
Koha biblioitemnumber 38162
Наличности
Код за отписване Код за изгубен артикул Източник на класификационната схема Код за повреда Коз за рестрикции Код за отдаване Артикулен № Име на библиотеката - собственик Име на библиотеката, в която се намира в момента Статус (Текущо местоположение) Дата на вписване в системата Местоположение - отдел Цена в лева Инвентарен номер Систематично азбучна сигнатура Баркод Номер на екземпляра Цена в евро Служебна бележка Служебен тип на артикула
  Не е изгубен Universal Decimal Classification Не е повреден без рестрикции заемане за дома 59872 Регионална библиотека "Любен Каравелов" Русе Регионална библиотека "Любен Каравелов" Русе Детски отдел 2001-01-01 Детски отдел 0.00 651605 39/C 56 120000651605 1 0.00 Дата инв: 15.03.2017 Бележки инв: Ч2017 Книги
Vip Innovations Ltd, Rousse, Bulgaria 2025